000 01410nam a2200313 i 4500
003 CO-BoRNBP
005 20250203095357.0
007 ta
008 250203s2011 Uy a|||| |||| 00| 0 spa d
020 _a9789974697058
040 _aCO-BoRNBP
_bSPA
_cCO-BoRNBP
_eRDA
041 _aspa
_heng
084 _aC DOE
100 1 _aDoering Tourville, Amanda
_eautor
_957938
245 _aMi amiga tiene dislexia/
_cAmanda Doering Tourville; traducción al español, María Carolina Berduque y Juan Cruz De Sabato; ilustraciones, Kristin Sorra
250 _aPrimera edición
264 4 _aMontevideo, Uruguay:
_bLatinbooks International,
_c2011
300 _a24 páginas,
_bilustraciones a color,
_calto 24 cm ancho 22 cm
336 _2rdacontent
_atexto
_btxt
337 _2rdamedia
_asin mediación
_bn
338 _2rdacarrier
_avolumen
_bnc
490 _aAmigos especiales
520 _aCelebrando la tolerancia y aceptación, este libro enseña a los niños a conocer qué es la dislexia y cómo entender a los que la padecen, generando empatía y motivando la valoración de las diferencias. Un libro para aprender a valorar las diferencias que nos hacen únicos y motivar la integración de los niños.
650 _2LEMB
_aLiteratura infantil
_92746
650 _2LEMB
_aLibro didáctico
_957939
650 _2LEMB
_aEducación en valores
_957940
650 _2LEMB
_aDislexia
_957941
942 _2ddc
_cBKINF
999 _c56864
_d56864